000
00402nam a2200145Ia 4500
008
090122s9999 xx 000 0 und d
082
_b
3541
_a
613
100
_a
जावडेकर
_b
सदाशिव
_c
डॉ
245
_a
दातबोध
600
_a
जावडेकर
630
_a
दातबोध
700
_a
जावडेकर
730
_a
दातबोध
942
_c
BOOK
999
_c
27619
_d
27619